[Event "Richmond Hill"]
[Site "Richmond Hill CAN"]
[Date "2022.05.19"]
[Round "7"]
[White "Ivanov, Mike"]
[Black "Ouellet, Maili-Jade"]
[Result "1-0"]
[WhiteElo "2359"]
[BlackElo "2212"]
[WhiteFideId "-1"]
[WhiteFideId "-1"]
[PlyCount "81"]
[GameId "2160767907511656"]
[EventDate "2022.05.16"]
[EventType "tourn"]
[EventRounds "9"]
[EventCountry "CAN"]
[EventCategory "1"]
[SourceTitle "CBM 209 Extra"]
[Source "ChessBase"]
[SourceDate "2022.09.30"]
[SourceVersion "1"]
[SourceVersionDate "2022.09.30"]
[SourceQuality "1"]

1. e4 c5 2. Nc3 e6 3. Nge2 a6 4. g3 b5 5. Bg2 Bb7 6. O-O Nf6 7. d3 d6 8. f4 Nbd7 9. h3 Qc7 10. g4 b4 11. Na4 g6 12. a3 Bg7 13. Ng3 a5 14. Be3 Bc6 15. c4 h5 16. g5 Ng8 17. Ra2 h4 18. Nh1 Bd4 19. Bxd4 cxd4 20. Nf2 Qb8 21. b3 Ne7 22. Ng4 Bxa4 23. bxa4 b3 24. Rb2 Nc5 25. Nf6+ Kd8 26. e5 Ra6 27. Ne4 Nxe4 28. dxe4 dxe5 29. fxe5 Ke8 30. Rxb3 Rb6 31. Rbf3 Qxe5 32. Rxf7 Rb7 33. Qf3 Rh5 34. Kh1 Rxg5 35. Rh7 Qc5 36. e5 Rb2 37. Rxe7+ Qxe7 38. Qa8+ Kd7 39. Bc6+ Kc7 40. Qa7+ Kd8 41. Rf8+ 1-0

[Event "Foxwoods op"]
[Site "Mashantucket USA"]
[Date "2022.04.15"]
[Round "4"]
[White "Ivanov, Mike"]
[Black "Harriott, Tyrell"]
[Result "1-0"]
[WhiteElo "2307"]
[BlackElo "1920"]
[WhiteFideId "-1"]
[WhiteFideId "-1"]
[PlyCount "87"]
[GameId "2130307576756825"]
[EventDate "2022.04.13"]
[EventType "swiss"]
[EventRounds "9"]
[EventCountry "USA"]
[SourceTitle "10 Days #684"]
[Source "ChessMix"]
[SourceDate "2022.04.20"]
[SourceVersion "1"]
[SourceVersionDate "2022.04.20"]
[SourceQuality "1"]

1. e4 d6 2. d4 Nf6 3. Nc3 e5 4. Nge2 c6 5. h3 Be7 6. g4 h6 7. Bg2 Nbd7 8. Be3 Qa5 9. a3 Nf8 10. Qd2 Ng6 11. Rg1 Nh4 12. Bh1 Nh7 13. f4 exf4 14. Nxf4 Ng5 15. Rf1 O-O 16. O-O-O b5 17. Kb1 Qc7 18. Nce2 b4 19. axb4 a5 20. b5 Rb8 21. Nc3 a4 22. e5 Bd7 23. Nh5 d5 24. Nf6+ Bxf6 25. exf6 Ne6 26. fxg7 Rfc8 27. Qf2 f5 28. gxf5 Nxg7 29. Qxh4 Bxf5 30. Rxf5 Nxf5 31. Qg4+ Ng7 32. Bf4 Qe7 33. Bxb8 Rxb8 34. Nxa4 Rxb5 35. Nc5 Kh7 36. Rg1 Qf7 37. Bf3 Ra5 38. Be2 Ra8 39. Bd3+ Kh8 40. Qh4 h5 41. Qg5 Qa7 42. Qh6+ Kg8 43. Qh7+ Kf8 44. Qh8+ 1-0

[Event "Foxwoods op"]
[Site "Mashantucket USA"]
[Date "2022.04.15"]
[Round "5"]
[White "Sokolin, Leonid M"]
[Black "Ivanov, Mike"]
[Result "1/2-1/2"]
[WhiteElo "2482"]
[BlackElo "2307"]
[WhiteFideId "-1"]
[WhiteFideId "-1"]
[PlyCount "130"]
[GameId "2130307576756838"]
[EventDate "2022.04.13"]
[EventType "swiss"]
[EventRounds "9"]
[EventCountry "USA"]
[SourceTitle "10 Days #684"]
[Source "ChessMix"]
[SourceDate "2022.04.20"]
[SourceVersion "1"]
[SourceVersionDate "2022.04.20"]
[SourceQuality "1"]

1. e4 e6 2. d4 d5 3. Nd2 Nf6 4. e5 Nfd7 5. Bd3 c5 6. c3 Nc6 7. Ne2 cxd4 8. cxd4 f6 9. exf6 Qxf6 10. Nf3 h6 11. O-O Bd6 12. Be3 O-O 13. Nc3 Rf7 14. Rc1 Nb6 15. Re1 Bd7 16. Bb5 Raf8 17. a3 Qd8 18. Bxc6 Bxc6 19. Ne5 Bxe5 20. dxe5 Rf5 21. Qg4 Kh7 22. Bd4 Qe8 23. Ne2 Nc4 24. Ng3 Rf4 25. Qd1 Qg6 26. b3 Nb6 27. a4 Nc8 28. Bc5 R8f7 29. Qc2 Ne7 30. Qxg6+ Nxg6 31. f3 Rh4 32. Rcd1 a6 33. h3 Nf4 34. Bf2 Ng6 35. Ne2 Rh5 36. Bg3 Nxe5 37. Nd4 Nd7 38. Nxe6 Rhf5 39. Re3 R5f6 40. Bh4 Rg6 41. Rd4 Nf8 42. Nf4 Rd6 43. Be7 Rd7 44. Ba3 Rf6 45. Re8 Ng6 46. Nd3 Rdd6 47. Bxd6 Bxe8 48. Ba3 Bf7 49. Rb4 b6 50. Bb2 Re6 51. Bd4 Ne7 52. Rxb6 Rxb6 53. Bxb6 Nc6 54. b4 Bg6 55. b5 axb5 56. axb5 Bxd3 57. bxc6 Kg6 58. Kf2 Kf5 59. Ke3 Ba6 60. Bd4 g6 61. Bg7 h5 62. Kd4 Ke6 63. c7 Kd7 64. g4 hxg4 65. fxg4 Kxc7 1/2-1/2

[Event "Foxwoods op"]
[Site "Mashantucket USA"]
[Date "2022.04.17"]
[Round "8"]
[White "Ivanov, Mike"]
[Black "Flom, Gabriel"]
[Result "1-0"]
[WhiteElo "2307"]
[BlackElo "2451"]
[WhiteFideId "-1"]
[WhiteFideId "-1"]
[PlyCount "81"]
[GameId "2130307576756861"]
[EventDate "2022.04.13"]
[EventType "swiss"]
[EventRounds "9"]
[EventCountry "USA"]
[SourceTitle "10 Days #684"]
[Source "ChessMix"]
[SourceDate "2022.04.20"]
[SourceVersion "1"]
[SourceVersionDate "2022.04.20"]
[SourceQuality "1"]

1. e4 c5 2. Nf3 e6 3. b3 Nf6 4. e5 Nd5 5. Bb2 Nc6 6. g3 f5 7. Bg2 Be7 8. O-O O-O 9. c4 Ndb4 10. d4 Nxd4 11. Nxd4 cxd4 12. Bxd4 Nc6 13. Bb2 Rb8 14. Qd2 Rf7 15. Na3 f4 16. Nb5 f3 17. Bh3 a6 18. Nd6 Bxd6 19. exd6 b5 20. Rac1 b4 21. c5 Qa5 22. Ba1 Rb5 23. Qc2 Qd8 24. Qd2 Qa5 25. Qc2 Qd8 26. Rfe1 Qg5 27. Bf1 Rf5 28. Bxb5 axb5 29. Re4 Bb7 30. h3 h5 31. h4 Qd8 32. Rce1 Qf8 33. Qd3 Qa8 34. Rf4 Rxf4 35. gxf4 Qe8 36. Kh2 Qf7 37. f5 e5 38. Rg1 Qf6 39. Qd5+ Kf8 40. Rg5 g6 41. Rxg6 1-0

[Event "Foxwoods op"]
[Site "Mashantucket USA"]
[Date "2022.04.17"]
[Round "9"]
[White "Poliannikov, Danila"]
[Black "Ivanov, Mike"]
[Result "1/2-1/2"]
[WhiteElo "2275"]
[BlackElo "2307"]
[WhiteFideId "-1"]
[WhiteFideId "-1"]
[PlyCount "63"]
[GameId "2130307576760969"]
[EventDate "2022.04.13"]
[EventType "swiss"]
[EventRounds "9"]
[EventCountry "USA"]
[SourceTitle "10 Days #684"]
[Source "ChessMix"]
[SourceDate "2022.04.20"]
[SourceVersion "1"]
[SourceVersionDate "2022.04.20"]
[SourceQuality "1"]

1. e4 e6 2. d4 d5 3. Nd2 c5 4. exd5 exd5 5. Bb5+ Nc6 6. Ngf3 cxd4 7. Nxd4 Bd7 8. N2f3 Bd6 9. O-O h6 10. c4 a6 11. cxd5 Nce7 12. Bxd7+ Qxd7 13. Re1 Nf6 14. Ne5 Bxe5 15. Rxe5 O-O 16. Qf3 Ng6 17. Re1 Qxd5 18. Be3 Qxf3 19. Nxf3 Nd5 20. Bd4 Nb4 21. Bc5 Nd3 22. Bxf8 Nxe1 23. Rxe1 Kxf8 24. Rc1 Rd8 25. g3 Ke7 26. Kf1 Nf8 27. Ke2 Ne6 28. Ke3 Rd5 29. Rc8 Kd7 30. Rc3 Rb5 31. Rc2 Ra5 32. b3 1/2-1/2

[Event "Foxwoods op 14th"]
[Site "Ledyard"]
[Date "2022.04.13"]
[Round "1"]
[White "Ivanov, Mike"]
[Black "Sun, Ryan"]
[Result "1-0"]
[WhiteElo "2307"]
[BlackElo "1921"]
[WhiteFideId "-1"]
[WhiteFideId "-1"]
[PlyCount "96"]
[GameId "1828148649177088"]
[EventDate "2022.04.13"]
[EventType "swiss"]
[EventRounds "9"]
[EventCountry "USA"]
[SourceTitle "EXT 2023"]
[Source "ChessBase"]
[SourceDate "2022.10.05"]
[SourceVersion "1"]
[SourceVersionDate "2022.10.05"]
[SourceQuality "1"]

1. e4 e5 2. Nf3 Nc6 3. Nc3 Nf6 4. Bb5 Bb4 5. O-O O-O 6. d3 d6 7. Ne2 Ne7 8. c3 Ba5 9. Ng3 c6 10. Ba4 Ng6 11. d4 h6 12. h3 Qc7 13. Re1 exd4 14. b4 Bb6 15. cxd4 a5 16. b5 Bd7 17. bxc6 bxc6 18. Bb2 Rab8 19. Rc1 Ba7 20. Bc3 Nh7 21. Qd2 Bb6 22. d5 f6 23. dxc6 Bxc6 24. Bd4 Bxa4 25. Rxc7 Bxc7 26. Bc3 Kh8 27. Bxa5 Bxa5 28. Qxa5 Ra8 29. Qd5 Rfd8 30. Nf5 Ne5 31. N3d4 Nf8 32. Rc1 Ra7 33. Ne6 Nxe6 34. Qxe6 Rad7 35. Rc3 d5 36. exd5 Rxd5 37. Rc7 R5d7 38. Rxd7 Rxd7 39. Nxh6 Kh7 40. Ng4 Rd1+ 41. Kh2 Bd7 42. Qb3 Nxg4+ 43. hxg4 Rd6 44. a4 Rd4 45. a5 Bxg4 46. a6 Bf5 47. a7 Be4 48. Qh3+ Kg8 1-0

[Event "Foxwoods op 14th"]
[Site "Ledyard"]
[Date "2022.04.14"]
[Round "2"]
[White "Hungaski, Robert"]
[Black "Ivanov, Mike"]
[Result "0-1"]
[WhiteElo "2539"]
[BlackElo "2307"]
[WhiteFideId "-1"]
[WhiteFideId "-1"]
[PlyCount "74"]
[GameId "1828148649185280"]
[EventDate "2022.04.13"]
[EventType "swiss"]
[EventRounds "9"]
[EventCountry "USA"]
[SourceTitle "EXT 2023"]
[Source "ChessBase"]
[SourceDate "2022.10.05"]
[SourceVersion "1"]
[SourceVersionDate "2022.10.05"]
[SourceQuality "1"]

1. e4 e6 2. d4 d5 3. e5 c5 4. c3 Nc6 5. Nf3 Bd7 6. Be2 Nge7 7. O-O Nf5 8. dxc5 Bxc5 9. b4 Bb6 10. Bd3 Nh4 11. Bf4 Ng6 12. Bg3 O-O 13. Nbd2 f5 14. b5 Na5 15. h4 Rc8 16. Rc1 Nc4 17. h5 f4 18. Nxc4 dxc4 19. Bh2 cxd3 20. Qxd3 Bxb5 21. Qxb5 Nh4 22. Qe2 Nxf3+ 23. Qxf3 Qg5 24. Rfe1 Bc7 25. Re4 Bxe5 26. c4 Qf5 27. Rce1 Rc5 28. Kf1 Qg5 29. Bg1 Rf5 30. Qa3 f3 31. gxf3 Qxh5 32. Qxc5 Qh3+ 33. Ke2 Qxf3+ 34. Kf1 Qd3+ 35. R1e2 Qh3+ 36. Ke1 Bc3+ 37. Kd1 Rxc5 0-1

[Event "Foxwoods op 14th"]
[Site "Ledyard"]
[Date "2022.04.14"]
[Round "3"]
[White "Gledura, Benjamin"]
[Black "Ivanov, Mike"]
[Result "1-0"]
[WhiteElo "2652"]
[BlackElo "2307"]
[WhiteFideId "-1"]
[WhiteFideId "-1"]
[PlyCount "75"]
[GameId "1828148649209856"]
[EventDate "2022.04.13"]
[EventType "swiss"]
[EventRounds "9"]
[EventCountry "USA"]
[SourceTitle "EXT 2023"]
[Source "ChessBase"]
[SourceDate "2022.10.05"]
[SourceVersion "1"]
[SourceVersionDate "2022.10.05"]
[SourceQuality "1"]

1. d4 Nf6 2. c4 e6 3. Nf3 c5 4. d5 exd5 5. cxd5 d6 6. Nc3 g6 7. Bf4 a6 8. a4 Bg7 9. h3 O-O 10. e3 Ne8 11. Be2 Nd7 12. a5 Qe7 13. O-O Rb8 14. Ra3 Nc7 15. Rb3 Re8 16. Re1 h6 17. Na4 Nf6 18. Nb6 Bf5 19. Bd3 Bxd3 20. Qxd3 Ne4 21. Nd2 Nxd2 22. Qxd2 Nb5 23. Nc4 Rbd8 24. Bg3 f5 25. f3 g5 26. Kh1 Rd7 27. Rd3 h5 28. Bh2 h4 29. b4 cxb4 30. Qxb4 Qf6 31. e4 g4 32. e5 dxe5 33. Nxe5 Rde7 34. d6 Re6 35. d7 Rd8 36. hxg4 Qe7 37. Qc4 f4 38. Ng6 1-0

[Event "Foxwoods op 14th"]
[Site "Ledyard"]
[Date "2022.04.16"]
[Round "6"]
[White "Ivanov, Mike"]
[Black "Shabalov, Alexander"]
[Result "0-1"]
[WhiteElo "2307"]
[BlackElo "2502"]
[WhiteFideId "-1"]
[WhiteFideId "-1"]
[PlyCount "52"]
[GameId "1828148649271296"]
[EventDate "2022.04.13"]
[EventType "swiss"]
[EventRounds "9"]
[EventCountry "USA"]
[SourceTitle "EXT 2023"]
[Source "ChessBase"]
[SourceDate "2022.10.05"]
[SourceVersion "1"]
[SourceVersionDate "2022.10.05"]
[SourceQuality "1"]

1. e4 c5 2. Nf3 Nc6 3. Bb5 e5 4. O-O Bd6 5. c3 Nge7 6. b4 cxb4 7. d4 bxc3 8. dxe5 Bb8 9. Na3 O-O 10. Bg5 Nxe5 11. Rc1 a6 12. Bc4 Nxf3+ 13. Qxf3 d5 14. Rfd1 Qd6 15. Rxc3 f6 16. Rxd5 Nxd5 17. Bxd5+ Be6 18. Bf4 Qe7 19. Bxb8 Bxd5 20. Bd6 Qxd6 21. exd5 Rac8 22. Nb1 Qb4 23. Qd3 Rxc3 24. Nxc3 Rc8 25. Nd1 Qe1+ 26. Qf1 Qd2 0-1

[Event "Foxwoods op 14th"]
[Site "Ledyard"]
[Date "2022.04.16"]
[Round "7"]
[White "Castillo Garcia, Josue Natanael"]
[Black "Ivanov, Mike"]
[Result "0-1"]
[WhiteElo "2126"]
[BlackElo "2307"]
[WhiteFideId "-1"]
[WhiteFideId "-1"]
[PlyCount "56"]
[GameId "1770912767045632"]
[EventDate "2022.04.13"]
[EventType "swiss"]
[EventRounds "9"]
[EventCountry "USA"]
[SourceTitle "CBM 207 Extra"]
[Source "ChessBase"]
[SourceDate "2022.05.31"]
[SourceVersion "1"]
[SourceVersionDate "2022.05.31"]
[SourceQuality "1"]

1. d4 Nf6 2. Bg5 Ne4 3. Bh4 g5 4. f3 gxh4 5. fxe4 Bg7 6. e3 c5 7. Nc3 Nc6 8. Qg4 O-O 9. Nf3 cxd4 10. exd4 e5 11. O-O-O d6 12. Qh5 Nxd4 13. Nd5 Be6 14. Nxh4 f5 15. Nf3 Bf7 16. Qh4 Qxh4 17. Nxh4 fxe4 18. Bc4 Kh8 19. c3 Rac8 20. Bb3 Rc5 21. Nb4 Nxb3+ 22. axb3 Bxb3 23. Rxd6 e3 24. Re1 Ra5 25. Nc2 Rf2 26. Na3 Rd5 27. Re6 e2 28. Re8+ Rf8 0-1

[Event "Titled Tuesday 2022.04.05 Early"]
[Site "Chess.com INT"]
[Date "2022.04.05"]
[Round "11"]
[White "Hasangatin, Ramil"]
[Black "Ivanov, Mike"]
[Result "1-0"]
[WhiteElo "2479"]
[BlackElo "2307"]
[WhiteFideId "-1"]
[WhiteFideId "-1"]
[PlyCount "65"]
[GameId "1768405746892800"]
[EventDate "2022.04.05"]
[EventType "swiss (blitz)"]
[EventRounds "11"]
[EventCountry "NET"]
[SourceTitle "CBM 207 Extra"]
[Source "ChessBase"]
[SourceDate "2022.05.31"]
[SourceVersion "1"]
[SourceVersionDate "2022.05.31"]
[SourceQuality "1"]

1. e4 e6 2. d3 d5 3. Qe2 Nf6 4. Nf3 b6 5. g3 Bb7 6. e5 Nfd7 7. Bg2 c5 8. O-O Nc6 9. c4 d4 10. Re1 Be7 11. h4 Qc7 12. Nbd2 h6 13. Nf1 g5 14. hxg5 hxg5 15. N1h2 O-O-O 16. Ng4 Rdg8 17. Bd2 Kb8 18. a3 Re8 19. Rab1 f5 20. exf6 Nxf6 21. Nxf6 Bxf6 22. Bxg5 Bxg5 23. Nxg5 Qg7 24. Ne4 Qh6 25. Nd6 Qh2+ 26. Kf1 Ba8 27. Nxe8 Rxe8 28. Qe4 Rh8 29. Qxe6 Qh7 30. Qd6+ Kc8 31. Bxc6 Qxd3+ 32. Kg1 Qh7 33. Bxa8 1-0

[Event "Titled Tuesday 2022.04.05 Early"]
[Site "chess.com INT"]
[Date "2022.04.05"]
[Round "8"]
[White "Fernandez Siles, Luis"]
[Black "Ivanov, Mike"]
[Result "0-1"]
[WhiteElo "2229"]
[BlackElo "2307"]
[WhiteFideId "-1"]
[WhiteFideId "-1"]
[PlyCount "102"]
[GameId "2130307577069440"]
[EventDate "2022.04.05"]
[EventType "swiss (blitz)"]
[EventRounds "11"]
[EventCountry "NET"]
[SourceTitle "The Week in Chess 1431"]
[Source "Mark Crowther"]
[SourceDate "2022.04.11"]
[SourceVersion "1"]
[SourceVersionDate "2022.04.11"]
[SourceQuality "2"]

1. e4 e6 2. d4 d5 3. e5 c5 4. Qg4 Qa5+ 5. Nd2 h5 6. Qg3 h4 7. Qf4 Ne7 8. Ngf3 Ng6 9. Qg4 cxd4 10. Bd3 Rh6 11. h3 Nc6 12. O-O Ngxe5 13. Nxe5 Nxe5 14. Qxd4 Nxd3 15. cxd3 Qb6 16. Qc3 Bd7 17. Nf3 Rc8 18. Qe5 f6 19. Qe2 g5 20. Be3 Qd8 21. Rac1 a6 22. Qd2 Be7 23. d4 Kf7 24. Rfe1 Rxc1 25. Rxc1 Rh8 26. Qd3 Qb6 27. b3 Bb5 28. Qd2 Bd7 29. Bxg5 fxg5 30. Nxg5+ Bxg5 31. Qxg5 Qd6 32. Rc3 Ke8 33. Rf3 Rf8 34. Qh5+ Kd8 35. Qxh4+ Kc7 36. Rc3+ Kb8 37. Qh6 Qe7 38. Qf4+ Rxf4 39. g3 Rf8 40. g4 Rc8 41. Rf3 Qd6 42. h4 Rc1+ 43. Kg2 e5 44. dxe5 Qxe5 45. Rf8+ Ka7 46. Rf7 Qe4+ 47. f3 Qc2+ 48. Kg3 Qd2 49. h5 Rg1+ 50. Kh4 Rh1+ 51. Kg3 Qh2# 0-1

[Event "Charlotte Spring IM-B"]
[Site "Charlotte USA"]
[Date "2022.03.16"]
[Round "1.4"]
[White "Ivanov, Mike"]
[Black "Andrianov, Nikolai"]
[Result "1-0"]
[WhiteElo "2339"]
[BlackElo "2330"]
[WhiteFideId "-1"]
[WhiteFideId "-1"]
[PlyCount "83"]
[GameId "2130307577568880"]
[EventDate "2022.03.16"]
[EventType "tourn"]
[EventRounds "9"]
[EventCountry "USA"]
[EventCategory "1"]
[SourceTitle "10 Days #682"]
[Source "ChessMix"]
[SourceDate "2022.04.01"]
[SourceVersion "1"]
[SourceVersionDate "2022.04.01"]
[SourceQuality "1"]

1. e4 c5 2. Nf3 d6 3. d4 cxd4 4. Qxd4 a6 5. Be2 Nc6 6. Qe3 Nf6 7. O-O g6 8. h3 Bg7 9. Rd1 Qc7 10. c4 O-O 11. Nc3 e6 12. Qd3 Ne8 13. Bf4 Ne5 14. Nxe5 dxe5 15. Be3 f5 16. b4 Nf6 17. Bc5 Re8 18. Bd6 Qb6 19. Rab1 Rd8 20. c5 Qc6 21. Bf3 f4 22. Qc4 b5 23. Qb3 Ne8 24. Bg4 Kf7 25. Rbc1 h5 26. Be2 Bb7 27. a4 Nxd6 28. cxd6 Rac8 29. axb5 axb5 30. Bxb5 Qb6 31. Bc4 Rxd6 32. Na4 Qd8 33. Bxe6+ Kf6 34. Bxc8 Rxd1+ 35. Rxd1 Qxc8 36. Nb6 Qc6 37. Nd7+ Kg5 38. Nc5 Bc8 39. Qg8 Kh6 40. Rd8 Bxh3 41. gxh3 Qf6 42. Ne6 1-0

[Event "Charlotte Spring IM-B"]
[Site "Charlotte USA"]
[Date "2022.03.17"]
[Round "2.3"]
[White "Adu, Oladapo"]
[Black "Ivanov, Mike"]
[Result "1-0"]
[WhiteElo "2136"]
[BlackElo "2339"]
[WhiteFideId "-1"]
[WhiteFideId "-1"]
[PlyCount "169"]
[GameId "2130307577568883"]
[EventDate "2022.03.16"]
[EventType "tourn"]
[EventRounds "9"]
[EventCountry "USA"]
[EventCategory "1"]
[SourceTitle "10 Days #682"]
[Source "ChessMix"]
[SourceDate "2022.04.01"]
[SourceVersion "1"]
[SourceVersionDate "2022.04.01"]
[SourceQuality "1"]

1. e4 e6 2. d3 d5 3. Nd2 Nf6 4. g3 b6 5. Bg2 Bb7 6. Qe2 Be7 7. Ngf3 c5 8. O-O Nc6 9. e5 Nd7 10. c4 d4 11. h4 Qc7 12. Re1 h6 13. h5 O-O-O 14. a3 Rdg8 15. Ne4 Re8 16. Bf4 g5 17. hxg6 fxg6 18. Nd6+ Bxd6 19. exd6 Qb8 20. Ne5 Ncxe5 21. Bxe5 Rhf8 22. Bg7 Rf7 23. Bxh6 Bxg2 24. Kxg2 Qxd6 25. Qe4 e5 26. Qa8+ Nb8 27. Qe4 Qe6 28. Rh1 Kc7 29. b4 Nd7 30. f4 Qf5 31. Rae1 Rg8 32. Bg5 Rgf8 33. Rh6 Rg8 34. b5 Qxe4+ 35. Rxe4 exf4 36. gxf4 Nf6 37. Bxf6 Rxf6 38. Rh7+ Kd6 39. Rxa7 g5 40. Rb7 gxf4+ 41. Kf2 Rff8 42. Rxb6+ Kd7 43. Rb7+ Kd6 44. Ree7 Rd8 45. Rec7 Rc8 46. Rd7+ Ke6 47. Re7+ Kf6 48. Rf7+ Ke6 49. Rxf4 Ra8 50. Re4+ Kf6 51. Rb6+ Kf7 52. Rh4 Rge8 53. Rf4+ Kg7 54. Ra6 Rab8 55. a4 Rh8 56. Rg4+ Kf7 57. Rc6 Rh2+ 58. Rg2 Rh3 59. Rg3 Rh2+ 60. Kf3 Re8 61. Rxc5 Ra2 62. Rf5+ Ke6 63. Rf4 Rd8 64. Rgg4 Rxa4 65. Re4+ Kf5 66. Rgf4+ Kg5 67. Rxd4 Rh8 68. Rd5+ Kg6 69. Ke4 Ra3 70. b6 Rb3 71. Rd6+ Kg5 72. Rf5+ Kg4 73. Rg6+ Kh4 74. d4 Re8+ 75. Re5 Rd8 76. c5 Rb4 77. Rd6 Ra8 78. Kd5 Kg4 79. Kc6 Ra5 80. Re1 Kf5 81. Rd8 Kf6 82. Rf8+ Kg7 83. Rf4 Kg6 84. Rg1+ Kh5 85. Rf8 1-0

[Event "Charlotte Spring IM-B"]
[Site "Charlotte USA"]
[Date "2022.03.17"]
[Round "3.3"]
[White "Ivanov, Mike"]
[Black "Vanapalli, Vishnu"]
[Result "0-1"]
[WhiteElo "2339"]
[BlackElo "2259"]
[WhiteFideId "-1"]
[WhiteFideId "-1"]
[PlyCount "124"]
[GameId "2130307577568886"]
[EventDate "2022.03.16"]
[EventType "tourn"]
[EventRounds "9"]
[EventCountry "USA"]
[EventCategory "1"]
[SourceTitle "10 Days #682"]
[Source "ChessMix"]
[SourceDate "2022.04.01"]
[SourceVersion "1"]
[SourceVersionDate "2022.04.01"]
[SourceQuality "1"]

1. e4 e5 2. f4 exf4 3. Nf3 Nf6 4. e5 Nh5 5. d4 g6 6. Be2 d6 7. O-O Bg7 8. c3 O-O 9. exd6 cxd6 10. Ne1 Nf6 11. Bxf4 Nd5 12. Bc1 Nd7 13. Nc2 N7f6 14. c4 Ne7 15. Nc3 h6 16. Bf4 a6 17. Qd2 Kh7 18. Rae1 Be6 19. Kh1 Nf5 20. d5 Bc8 21. g4 Ne7 22. h3 Qc7 23. Qe3 b5 24. Bf3 Qxc4 25. Bxd6 Nfxd5 26. Qc5 Qxc5 27. Bxc5 Be6 28. Nxd5 Nxd5 29. Bxf8 Rxf8 30. Rd1 Nf4 31. b3 Nxh3 32. Nd4 Bc8 33. Nc6 Ng5 34. Bd5 Bxg4 35. Rde1 h5 36. Re7 Bf5 37. Ra7 Ne4 38. Kg2 Nc3 39. Bf3 Nxa2 40. Rxa6 Nc3 41. Ra7 h4 42. Re7 Be6 43. b4 Nd5 44. Rxe6 Nf4+ 45. Kf2 Nxe6 46. Rh1 g5 47. Re1 Nd4 48. Bd5 f5 49. Re7 Kg6 50. Rb7 Nxc6 51. Bxc6 g4 52. Rxb5 Bd4+ 53. Ke2 h3 54. Rd5 Bg7 55. Bd7 h2 56. Bc6 Rf6 57. Rc5 Bh6 58. Kf2 Bf4 59. Kg2 Rd6 60. Bd5 Kg5 61. b5 Be3 62. Rc3 Bd4 0-1

[Event "Charlotte Spring IM-B"]
[Site "Charlotte USA"]
[Date "2022.03.18"]
[Round "4.4"]
[White "Canty, James"]
[Black "Ivanov, Mike"]
[Result "1-0"]
[WhiteElo "2198"]
[BlackElo "2339"]
[WhiteFideId "-1"]
[WhiteFideId "-1"]
[PlyCount "69"]
[GameId "2130307577568890"]
[EventDate "2022.03.16"]
[EventType "tourn"]
[EventRounds "9"]
[EventCountry "USA"]
[EventCategory "1"]
[SourceTitle "10 Days #682"]
[Source "ChessMix"]
[SourceDate "2022.04.01"]
[SourceVersion "1"]
[SourceVersionDate "2022.04.01"]
[SourceQuality "1"]

1. e4 e6 2. d4 d5 3. e5 c5 4. c3 Nc6 5. Nf3 Bd7 6. Bd3 Rc8 7. O-O cxd4 8. Re1 a6 9. Nbd2 dxc3 10. bxc3 Bc5 11. Nb3 Ba7 12. Ba3 Nge7 13. Qd2 O-O 14. Ng5 f5 15. exf6 Rxf6 16. Bxh7+ Kh8 17. Bc5 Qc7 18. g3 e5 19. Qe2 Bxc5 20. Nxc5 Rcf8 21. Bc2 Rh6 22. Rad1 Bc8 23. Nd3 e4 24. Nf4 Rxf4 25. gxf4 Qxf4 26. Qe3 Qxh2+ 27. Kf1 Nf5 28. Qf3 Rh5 29. Nxe4 Qh1+ 30. Ke2 Qh2 31. Rh1 Qxh1 32. Rxh1 Ncd4+ 33. cxd4 Nxd4+ 34. Ke3 Nxf3 35. Rxh5+ 1-0

[Event "Charlotte Spring IM-B"]
[Site "Charlotte USA"]
[Date "2022.03.18"]
[Round "5.2"]
[White "Ivanov, Mike"]
[Black "Hardaway, Brewington"]
[Result "1-0"]
[WhiteElo "2339"]
[BlackElo "2199"]
[WhiteFideId "-1"]
[WhiteFideId "-1"]
[PlyCount "61"]
[GameId "2130307577568892"]
[EventDate "2022.03.16"]
[EventType "tourn"]
[EventRounds "9"]
[EventCountry "USA"]
[EventCategory "1"]
[SourceTitle "10 Days #682"]
[Source "ChessMix"]
[SourceDate "2022.04.01"]
[SourceVersion "1"]
[SourceVersionDate "2022.04.01"]
[SourceQuality "1"]

1. e4 c5 2. Nc3 e6 3. Nge2 a6 4. g3 b5 5. Bg2 Bb7 6. O-O Nc6 7. d3 d6 8. f4 Qd7 9. f5 O-O-O 10. fxe6 fxe6 11. Bh3 Re8 12. a4 b4 13. Nd5 Kb8 14. Nef4 Nd8 15. c3 Nh6 16. cxb4 Qc6 17. b5 axb5 18. axb5 Qxb5 19. Nc3 Qc6 20. Nh5 Nf5 21. Rf2 g6 22. Nf6 Re7 23. Bg2 Nd4 24. Ne2 Nxe2+ 25. Qxe2 e5 26. Be3 Rf7 27. b4 Ne6 28. Qa2 Bc8 29. bxc5 dxc5 30. Rb2+ Rb7 31. Nd5 1-0

[Event "Charlotte Spring IM-B"]
[Site "Charlotte USA"]
[Date "2022.03.19"]
[Round "6.5"]
[White "Martin del Campo, Roberto"]
[Black "Ivanov, Mike"]
[Result "0-1"]
[WhiteElo "2257"]
[BlackElo "2339"]
[WhiteFideId "-1"]
[WhiteFideId "-1"]
[PlyCount "94"]
[GameId "2130307577568898"]
[EventDate "2022.03.16"]
[EventType "tourn"]
[EventRounds "9"]
[EventCountry "USA"]
[EventCategory "1"]
[SourceTitle "10 Days #682"]
[Source "ChessMix"]
[SourceDate "2022.04.01"]
[SourceVersion "1"]
[SourceVersionDate "2022.04.01"]
[SourceQuality "1"]

1. e4 e6 2. d4 d5 3. Nd2 Nf6 4. Bd3 c5 5. e5 Nfd7 6. c3 Nc6 7. Ne2 cxd4 8. cxd4 f6 9. exf6 Qxf6 10. Nf3 h6 11. O-O Bd6 12. Nc3 O-O 13. Be2 Rf7 14. b3 a6 15. Be3 b5 16. a3 Nf8 17. b4 Rb8 18. Qd3 Bd7 19. Nd2 a5 20. bxa5 Nxa5 21. a4 bxa4 22. Qa6 Nc6 23. Nb5 Bb4 24. Nf3 Qd8 25. Rxa4 Rb6 26. Qa8 Rb8 27. Qa6 Be7 28. Rb1 Qe8 29. Bd2 Bc8 30. Qa8 Rxa8 31. Rxa8 Qd7 32. Rc1 Bb7 33. Raa1 Bf6 34. Be3 g5 35. h3 Ng6 36. Ne1 Nf4 37. Bf3 e5 38. Bg4 Qe7 39. dxe5 Bxe5 40. Ra4 d4 41. Bd2 Bb8 42. Kf1 Qe5 43. Na3 Qf6 44. Bf3 Nxg2 45. Kxg2 Ne5 46. Bxb7 Qxf2+ 47. Kh1 Qf1+ 0-1